Statistics for US States Without Vowels Quiz #4

Click here to take the quiz!

General Stats

  • This quiz has been taken 25 times
  • The average score is 10 of 10

Answer Stats

US States (No Vowels)US States% Correct
NRTH CRLNNorth Carolina
100%
PNNSYLVNPennsylvania
100%
TXSTexas
100%
WSCNSNWisconsin
100%
RZNArizona
96%
CLFRNCalifornia
96%
KNSSKansas
96%
MNNSTMinnesota
96%
GRGGeorgia
92%
MNTNMontana
92%

Score Distribution

Percentile by Number Answered

Percent of People with Each Score

Your Score History

You have not taken this quiz